000 00385nam a2200133 a 4500
001 000044767
005 20201002045618.0
008 150109s2010 dr 000 p spa d
040 _aDO-SdBNP
_bspa
_cBNPHU
100 1 _aOrtiz, Rafael Wilamo
_972779
245 1 0 _aDías de Miserere :. /
_cRafael Wilamo Ortiz.
260 _aSanto Domingo :
_bMediabyte,
_c2010.
300 _a118 p. ;
_c22 cm.
999 _c44256
_d44256